000 01541nam a2200217 a 4500
001 000039703
005 20201002033704.0
008 130716s1968 sp 000 0 spa d
040 _aDO-SdBNP
_bspa
_cBNPHU
082 _a808.831
_bA634m, 1968
245 0 0 _aAntología de las mejores novelas policíacas /
_cselección José A. Llorens.
250 _a6a ed.
260 _aBarcelona :
_bEdiciones Acervo,
_c1968.
300 _av. ;
_c21 cm.
500 _aLa biblioteca posee el v.3
505 0 _tEl retorno del presidiario /
_rCharles Dickens --
_tLa calavera que gritaba /
_rFrancis Marion Crawford --
_tEl hacha de oro /
_rGastón Leroux --
_tEl preso de la celda número 13 /
_rJacques Futrelle --
_tEl problema insoluble /
_rG. K. Chesterton --
_tEl paso a nivel /
_rFreeman Willis Crofts --
_tEl crimen de Regent's Park /
_rBaronesa Orczy --
_tLa casita /
_rH. C. Bayle --
_tLuz de gas /
_rPatrick Hamilton --
_tLa estirpe de los Orven /
_rM. P. Shiel --
_tLa desaparición de la señora Fraser /
_rSir Basil Thomson --
_tEl inferior /
_rAgatha Christie --
_tPrograma doble /
_rWilliam Irish --
_tEl fantasma de Anita Flores /
_rNoel Clarasó --
_tLa pobre Gertrudis /
_rRoy Vickers --
_tUna mujer de principios /
_rRoy Vickers --
_tOla de crímenes en el castillo de Blandings /
_rP. G. Wodehouse --
_tEl dado del emperador /
_rEllery Queen --
_tLa muñeca del delfín /
_rEllery Queen
650 4 _aNovela policíaca
_xColecciones
_950055
650 4 _aLiteratura
_xColecciones
_940253
700 1 2 _aLlorens, José A.
_94194
910 _aValidado. Control de calidad MFF
999 _c39193
_d39193